History Quiz

Random History or World Quiz

World War I Battles Quiz Stats

 Plays Quiz Updated Sep 27, 2019

Score 0/36 Timer 10:00
2 Plays Today
Dates Battle % Correct
1 Jul—18 Nov 1916Battle of the Somme
82.1%
21 Feb—18 Dec 1916Battle of Verdun
58.9%
19 Oct—30 Nov 1914First Battle of Ypres
49.6%
25 Apr 1915—9 Jan 1916Battle of Gallipoli
49.6%
22 Apr—25 May 1915Second Battle of Ypres
46.9%
11 Jul—10 Nov 1917Third Battle of Ypres or Passchendaele
46.7%
31 May—1 Jun 1916Battle of Jutland
43%
5—12 Sep 1914First Battle of the Marne
34.2%
15 Jul—5 Aug 1918Second Battle of the Marne
33.7%
Aug 1914—Nov 1918Battle of the Atlantic
31%
14—24 Aug 1914Battle of the Frontiers
29.7%
23 Aug—2 Sep 1914Battle of Tannenberg
24.8%
8 Aug—11 Nov 1918Hundred Days Offensive
16.7%
24 Oct—19 Nov 1917Twelfth Battle of the Isonzo or Battle of Caporetto
16.6%
20 Nov—3 Dec 1917Battle of Cambrai
14.2%
21 Mar—18 Jul 1918Spring Offensive
14.2%
10th May—8th Jun 1917Tenth Battle of the Isonzo
12.4%
18 Aug—12 Sep 1917Eleventh Battle of the Isonzo
12.2%
Dates Battle % Correct
18 Oct—3 Nov 1915Third Battle of the Isonzo
12.1%
29 Sep—31 Oct 1914Battle of Warsaw
11.5%
15 Sep—4 Nov 1915Third Battle of Artois
11.1%
4 Jun—20 Sep 1916Brusilov Offensive
10.8%
9 Apr—16 May 1917Battle of Arras
10.7%
9—14 Sep 1914First Battle of the Masurian Lakes
9.2%
7—22 Feb 1915Second Battle of the Masurian Lakes
9.1%
16 Apr—24 Oct 1917Second Battle of the Aisne or Third Battle of Champagne
8.5%
26 Aug—11 Sep 1914Battle of Galicia
7.9%
9—15 May 1915Second Battle of Artois
7.2%
23 Oct—3 Nov 1918Battle of Vittorio Veneto
7.2%
25 Sep—6 Nov 1915Second Battle of Champagne
7.2%
11 Nov—6 Dec 1914Battle of Łódź
6%
16 May—10 Jun 1916Battle of Asiago
4.7%
1 May—18 Sep 1915Gorlice-Tarnów Offensive
4.1%
15—23 Jun 1918Battle of the Piave River
3.5%
3—9 Dec 1914Battle of Kolubara
3%
18 Mar—Apr 1916Lake Naroch Offensive
2.8%

You're not logged in!

Compare scores with friends on all Sporcle quizzes.
OR
Log In

Sporcle TV

Today on Sporcle TV


Watch our educational content, quiz creation guides, and fun videos on Sporcle TV.

Show Comments

Extras

Top Quizzes Today


Score Distribution

Your Account Isn't Verified!

In order to create a playlist on Sporcle, you need to verify the email address you used during registration. Go to your Sporcle Settings to finish the process.

Report this User

Report this user for behavior that violates our Community Guidelines.

Details: